000 00310nam a2200121Ia 4500
008 191201s2012 xx 000 0 und d
100 _aGARG, Shubhra
245 0 _aFundamentals of Distributed Operating Systems
260 _aN. Delhi
_bS.K.Kataria
_c2012
300 _a282
650 _aM.Tech(CSE)
942 _2ddc
_cBK
999 _c99
_d99